000 00734nam a2200241Ia 4500
003 OSt
005 20220925201903.0
006 a|||||r|||| 00| 0
007 ta
008 220923b |||||||| |||| 00| 0 eng d
037 _cGeneral Book
040 _aRTL
_cRTL
_beng
041 _2eng
_aeng
082 _aX.2.N8, M5
110 _aNational Council of Applied Economic Research
_9141110
245 0 _aTrends in the Indian economy and their relevance for the future
260 _aDelhi
_bNCAER
_c1985
300 _a33p
_ccm.
650 _aIndia Economic Conditions
_940151
700 _aNational Council of Applied Economic Research
_9141111
942 _hX.2.N8, M5
_cGB
_2CC
999 _c541615
_d541615